PAKISTAN 1973 YEAR BOOK (Record no. 581812)
[ view plain ]
| 000 -LEADER | |
|---|---|
| fixed length control field | 00245nam a22001097a 4500 |
| 082 ## - DEWEY DECIMAL CLASSIFICATION NUMBER | |
| Classification number | 954.91 PAK'R |
| 100 ## - MAIN ENTRY--PERSONAL NAME | |
| Personal name | RAFIQUE, AKHTAR |
| 9 (RLIN) | 75850 |
| 245 ## - TITLE STATEMENT | |
| Title | PAKISTAN 1973 YEAR BOOK |
| 260 ## - PUBLICATION, DISTRIBUTION, ETC. | |
| Place of publication, distribution, etc. | KARACHI |
| Name of publisher, distributor, etc. | EWP |
| Date of publication, distribution, etc. | 1973 |
| 300 ## - PHYSICAL DESCRIPTION | |
| Extent | 436P |
| 942 ## - ADDED ENTRY ELEMENTS (KOHA) | |
| Koha item type | Book |
| Source of classification or shelving scheme | |
| Withdrawn status | Lost status | Source of classification or shelving scheme | Damaged status | Not for loan | Permanent Location | Current Location | Shelving location | Date acquired | Full call number | Barcode | Date last seen | Price effective from | Koha item type |
|---|---|---|---|---|---|---|---|---|---|---|---|---|---|
| Damaged | College of Electrical & Mechanical Engineering (CEME) | College of Electrical & Mechanical Engineering (CEME) | General Stacks | 05/30/2017 | 954.91 PAK'R | CEME-10839 | 06/28/2021 | 06/28/2021 | Book |
